¡Palabra! (Record no. 54052)

MARC details
000 -LEADER
campo de control de longitud fija 00895nam a2200253 i 4500
001 - NÚMERO DE CONTROL
campo de control 54052
003 - IDENTIFICADOR DE NÚMERO DE CONTROL
campo de control ES-MaACL
005 - FECHA Y HORA DE LA ÚLTIMA TRANSACCIÓN
campo de control 20250728120315.0
007 - CAMPO FIJO DE DESCRIPCIÓN FÍSICA--INFORMACIÓN GENERAL
campo de control de longitud fija t|
008 - DATOS DE LONGITUD FIJA--INFORMACIÓN GENERAL
campo de control de longitud fija 031124s2002 sp ||||1| spa d
020 ## - NÚMERO INTERNACIONAL ESTÁNDAR DEL LIBRO
Número Internacional Estándar del Libro 84-8164-494-3
080 ## - NÚMERO DE LA CLASIFICACIÓN DECIMAL UNIVERSAL
Número de la Clasificación Decimal Universal 929 Derrida, Jacques (047.53)
100 1# - ENTRADA PRINCIPAL--NOMBRE DE PERSONA
Nombre de persona Derrida, Jacques.
9 (RLIN) 43797
245 10 - MENCIÓN DEL TÍTULO
Título ¡Palabra!
Resto del título : instantáneas filosóficas /
Mención de responsabilidad, etc. Jacques Derrida ; traducción de Cristina de Peretti y Paco Vidarte.
260 ## - PUBLICACIÓN, DISTRIBUCIÓN, ETC.
Lugar de publicación, distribución, etc. Madrid :
Nombre del editor, distribuidor, etc. Trotta,
Fecha de publicación, distribución, etc. [2001]
300 ## - DESCRIPCIÓN FÍSICA
Extensión 103 p. ;
Dimensiones 23 cm.
490 1# - MENCIÓN DE SERIE
Mención de serie Colección Estructuras y procesos. Serie Filosofía
600 14 - PUNTO DE ACCESO ADICIONAL DE MATERIA--NOMBRE DE PERSONA
Nombre de persona Derrida, Jacques-
Subdivisión de forma Entrevistas.
9 (RLIN) 43799
700 1# - ENTRADA AGREGADA--NOMBRE PERSONAL
Nombre de persona Peretti della Rocca, Cristina de.
9 (RLIN) 90537
700 1# - ENTRADA AGREGADA--NOMBRE PERSONAL
Nombre de persona Vidarte, Francisco Javier.
9 (RLIN) 114540
830 00 - PUNTO DE ACCESO ADICIONAL DE SERIE-TÍTULO UNIFORME
Título uniforme Estructuras y procesos.
Nombre de parte o sección de la obra Filosofía
9 (RLIN) 183056
852 ## - LOCALIZACIÓN
Ubicación ES-MaACL
Número de control de estantería L-26709
Sublocalización o colección R.131215
Holdings
Estatus retirado Estado de pérdida Estado de daño No para préstamo Biblioteca de origen Biblioteca actual Ubicación en estantería Fecha de adquisición Fuente de adquisición Total de préstamos Signatura topográfica completa Código de barras Visto por última vez Precio de reemplazo Tipo de ítem Koha
        Biblioteca del Ateneo de Madrid Biblioteca del Ateneo de Madrid Depósito 2 17/01/2008     L-26709 1056807 23/02/2023 23/02/2023 Libro impreso